00727nam a2200217Ia 4500003000900000008004100009020001800050040001600068080001700084100002300101245009000124260003300214300001000247650001900257650003000276650003300306700002400339942000700363999001500370952012400385IN-BaIIA211028s9999 xx 000 0 eng d a0-08-022448-2 cIIA Library a083:537bCAU aCauchois, Y912252 0aWavelengths of X-ray emission lines and absorption edgescY. Cauchois and C. Senemaud aOxfordbPergamon Pressc1978 a320p. aNASA thesaurus aWavelengths tables912253 aX-ray emission Tables912254 aSenemaud, C.912255 cBK c7143d7143 00104070aBANbBANcGENd1982-08-18g1584.00l0o083:537/ CAUp7937r2021-11-05v1584.00w1982-08-18yBKGRs. 1584.00